[Event "HUN-chT2 Erkel 2223"]
[Site "Hungary"]
[Date "2023.02.12"]
[Round "5.6"]
[White "Domany, Mihaly"]
[Black "Dostan, Janos"]
[Result "1/2-1/2"]
[WhiteElo "2068"]
[BlackElo "2019"]
[PlyCount "26"]
[EventDate "2022.11.20"]
[EventType "team-tourn"]
[EventRounds "9"]
[EventCountry "HUN"]
[SourceTitle "EXT 2025"]
[Source "ChessBase"]
[SourceDate "2024.10.14"]
[SourceVersion "1"]
[SourceVersionDate "2024.10.14"]
[SourceQuality "1"]
[WhiteTeam "Kekes II"]
[BlackTeam "Magyar Sakkvilag"]
[WhiteTeamCountry "HUN"]
[BlackTeamCountry "HUN"]

1. e4 e5 2. Nf3 d6 3. d4 exd4 4. Nxd4 Nf6 5. Nc3 Be7 6. Be2 0-0 7. 0-0 a6 8. Bf3 Nbd7 9. g3 Re8 10. Bg2 Bf8 11. Re1 g6 12. Nb3 Ne5 13. h3 Bd7 1/2-1/2

[Event "Satu Mare Szabo Memorial"]
[Site "Satu Mare"]
[Date "2021.08.10"]
[Round "3"]
[White "Adam, Zoltan"]
[Black "Dostan, Janos"]
[Result "1/2-1/2"]
[WhiteElo "1780"]
[BlackElo "2025"]
[PlyCount "43"]
[EventDate "2021.08.08"]
[EventType "swiss"]
[EventRounds "9"]
[EventCountry "ROU"]
[SourceTitle "CBM 203 Extra"]
[Source "ChessBase"]
[SourceDate "2021.09.30"]
[SourceVersion "1"]
[SourceVersionDate "2021.09.30"]
[SourceQuality "1"]

1. d4 d6 2. e4 Nf6 3. Nc3 g6 4. f4 Bg7 5. Nf3 0-0 6. Bd3 Na6 7. e5 Nd7 8. Ne4 c5 9. c3 cxd4 10. cxd4 dxe5 11. fxe5 Nb4 12. Bb1 Nb6 13. 0-0 Bg4 14. a3 Nc6 15. Be3 Nd5 16. Bf2 Qb6 17. Ba2 Rad8 18. Qb3 Nf4 19. Qxb6 axb6 20. Nfg5 Nd5 21. Nc3 Be6 22. Nxe6 1/2-1/2

[Event "HUN-chT2 Toth 1819"]
[Site "Hungary"]
[Date "2019.02.10"]
[Round "7.2"]
[White "Papp, Bence"]
[Black "Dostan, Janos"]
[Result "1/2-1/2"]
[WhiteElo "2061"]
[BlackElo "2032"]
[PlyCount "75"]
[EventDate "2018.09.23"]
[EventType "team-tourn"]
[EventRounds "11"]
[EventCountry "HUN"]
[SourceTitle "EXT 2021"]
[Source "ChessBase"]
[SourceDate "2020.10.23"]
[SourceVersion "1"]
[SourceVersionDate "2020.10.23"]
[SourceQuality "1"]
[WhiteTeam "Szeged Meritum"]
[BlackTeam "Karcag"]
[WhiteTeamCountry "HUN"]
[BlackTeamCountry "HUN"]

1. e4 e5 2. f4 Bc5 3. Nf3 d6 4. c3 Bb6 5. Na3 Qe7 6. d3 Nf6 7. Nc4 Nc6 8. Be2 0-0 9. Nxb6 axb6 10. 0-0 d5 11. fxe5 Nxe5 12. Nxe5 Qxe5 13. Bf4 Qe7 14. e5 Nd7 15. d4 f6 16. Bf3 c6 17. Re1 fxe5 18. Bxe5 Nxe5 19. Rxe5 Qd6 20. Qe2 Bd7 21. a3 Rae8 22. Re1 Rxe5 23. Qxe5 Qxe5 24. Rxe5 Re8 25. Rxe8+ Bxe8 26. Kf2 Bd7 27. Kg3 Kf7 28. Bg4 Bxg4 29. Kxg4 Kf6 30. h4 h6 31. Kf4 g5+ 32. hxg5+ hxg5+ 33. Kf3 Kf5 34. g4+ Ke6 35. Ke2 Kd6 36. Kd3 Kd7 37. Kc2 b5 38. b4 1/2-1/2

[Event "HUN-chT2 Toth 1819"]
[Site "Hungary"]
[Date "2018.10.28"]
[Round "3.3"]
[White "Gyori, Szabolcs"]
[Black "Dostan, Janos"]
[Result "1/2-1/2"]
[WhiteElo "2103"]
[BlackElo "2032"]
[PlyCount "37"]
[EventDate "2018.09.23"]
[EventType "team-tourn"]
[EventRounds "11"]
[EventCountry "HUN"]
[SourceTitle "EXT 2021"]
[Source "ChessBase"]
[SourceDate "2020.10.23"]
[SourceVersion "1"]
[SourceVersionDate "2020.10.23"]
[SourceQuality "1"]
[WhiteTeam "Oroshaza"]
[BlackTeam "Karcag"]
[WhiteTeamCountry "HUN"]
[BlackTeamCountry "HUN"]

1. d4 Nf6 2. Nf3 g6 3. e3 Bg7 4. b3 0-0 5. Bb2 d6 6. Be2 Nbd7 7. 0-0 b6 8. c4 Bb7 9. Nc3 a6 10. Qc2 e6 11. Rad1 Qe7 12. e4 e5 13. dxe5 dxe5 14. Nd5 Nxd5 15. cxd5 Rac8 16. Qc1 Rfd8 17. Ba3 Qe8 18. Qe3 Bf8 19. Bxf8 1/2-1/2

[Event "HUN-chT2 Toth 1617"]
[Site "Hungary"]
[Date "2016.09.25"]
[Round "1.4"]
[White "Dostan, Janos"]
[Black "Molnar, Laszlo"]
[Result "1/2-1/2"]
[WhiteElo "2092"]
[BlackElo "2223"]
[PlyCount "36"]
[EventDate "2016.09.25"]
[EventType "team-tourn"]
[EventRounds "11"]
[EventCountry "HUN"]
[SourceTitle "EXT 2021"]
[Source "ChessBase"]
[SourceDate "2020.10.23"]
[SourceVersion "1"]
[SourceVersionDate "2020.10.23"]
[SourceQuality "1"]
[WhiteTeam "Karcag"]
[BlackTeam "Ujszasz"]
[WhiteTeamCountry "HUN"]
[BlackTeamCountry "HUN"]

1. d4 Nf6 2. Nf3 g6 3. Bg5 Bg7 4. Nbd2 d5 5. e3 0-0 6. Bd3 c6 7. 0-0 Bg4 8. c3 Nbd7 9. Qb3 Bxf3 10. Nxf3 Qb6 11. Rfe1 Rfe8 12. e4 dxe4 13. Bxe4 h6 14. Bf4 Nxe4 15. Rxe4 e6 16. Bd6 Bf8 17. Bxf8 Qxb3 18. axb3 Kxf8 1/2-1/2

[Event "Novi Sad Hotel Sajam op 11"]
[Site "Novi Sad"]
[Date "2015.11.06"]
[Round "9"]
[White "Dostan, Janos"]
[Black "Kellner, Nikolaus"]
[Result "1-0"]
[WhiteElo "2231"]
[BlackElo "1659"]
[PlyCount "49"]
[EventDate "2015.11.01"]
[EventType "swiss"]
[EventRounds "9"]
[EventCountry "SRB"]
[SourceTitle "CBM 169 Extra"]
[Source "ChessBase"]
[SourceDate "2015.12.18"]
[SourceVersion "1"]
[SourceVersionDate "2015.12.18"]
[SourceQuality "1"]

1. e4 e5 2. Nf3 f5 3. d3 d6 4. Nc3 Nf6 5. Bg5 h6 6. Bxf6 Qxf6 7. d4 fxe4 8. dxe5 dxe5 9. Nd5 Qd6 10. Nh4 c6 11. Qh5+ Kd8 12. Nc3 Nd7 13. Ng6 Rg8 14. Bc4 Qb4 15. Bxg8 Qxb2 16. 0-0 Qxc3 17. Rad1 Kc7 18. Bb3 e3 19. Nxf8 Nxf8 20. Qf7+ Kb6 21. Rd3 Qc5 22. fxe3 e4 23. Rd4 Qc3 24. Qxf8 Qxe3+ 25. Qf2 1-0

[Event "Novi Sad TS03 op"]
[Site "Novi Sad"]
[Date "2015.03.22"]
[Round "4"]
[White "Marholev, Dimitar"]
[Black "Dostan, Janos"]
[Result "1/2-1/2"]
[WhiteElo "2268"]
[BlackElo "2203"]
[PlyCount "29"]
[EventDate "2015.03.20"]
[EventType "swiss"]
[EventRounds "9"]
[EventCountry "SRB"]
[SourceTitle "CBM 165 Extra"]
[Source "ChessBase"]
[SourceDate "2015.04.21"]
[SourceVersion "1"]
[SourceVersionDate "2015.04.21"]
[SourceQuality "1"]

1. e4 c6 2. d4 d5 3. Nd2 dxe4 4. Nxe4 Bf5 5. Ng3 Bg6 6. h4 h6 7. Nh3 Nf6 8. Nf4 Bh7 9. Bc4 e6 10. 0-0 Bd6 11. Re1 0-0 12. Ngh5 Nxh5 13. Nxh5 Qxh4 14. g3 Qh3 15. Bf4 1/2-1/2

[Event "Novi Sad TS03 op"]
[Site "Novi Sad"]
[Date "2015.03.22"]
[Round "2"]
[White "Vlaovic, Djordje"]
[Black "Dostan, Janos"]
[Result "1/2-1/2"]
[WhiteElo "2070"]
[BlackElo "2203"]
[PlyCount "28"]
[EventDate "2015.03.20"]
[EventType "swiss"]
[EventRounds "9"]
[EventCountry "SRB"]
[SourceTitle "CBM 165 Extra"]
[Source "ChessBase"]
[SourceDate "2015.04.21"]
[SourceVersion "1"]
[SourceVersionDate "2015.04.21"]
[SourceQuality "1"]

1. c4 c5 2. Nf3 Nc6 3. g3 g6 4. Bg2 Bg7 5. Nc3 e6 6. 0-0 Nge7 7. d3 0-0 8. Bd2 b6 9. a3 Bb7 10. Rb1 d5 11. cxd5 Nxd5 12. Nxd5 Qxd5 13. b4 cxb4 14. axb4 Nd4 1/2-1/2

[Event "Vojvodina-ch 5th"]
[Site "Novi Sad"]
[Date "2014.07.15"]
[Round "5"]
[White "Nestorovic, Lazar"]
[Black "Dostan, Janos"]
[Result "1-0"]
[WhiteElo "2331"]
[BlackElo "2210"]
[PlyCount "121"]
[EventDate "2014.07.12"]
[EventType "swiss"]
[EventRounds "9"]
[EventCountry "YUG"]
[SourceTitle "CBM 161 Extra"]
[Source "ChessBase"]
[SourceDate "2014.08.29"]
[SourceVersion "1"]
[SourceVersionDate "2014.08.29"]
[SourceQuality "1"]

1. e4 b6 2. d4 Bb7 3. Bd3 e6 4. Qe2 c5 5. Nf3 cxd4 6. Nxd4 Nc6 7. Nxc6 dxc6 8. e5 Ne7 9. 0-0 Qc7 10. Nd2 Nd5 11. Nf3 Nb4 12. Be4 c5 13. c3 Nc6 14. Bf4 0-0-0 15. a4 h6 16. b4 f5 17. exf6 Qxf4 18. a5 Bd6 19. axb6 axb6 20. bxc5 Bb8 21. cxb6 Qxf6 22. Nd4 Qf4 23. g3 Qxe4 24. Qxe4 Nxd4 25. Qe3 Nf3+ 26. Kh1 Rd6 27. Rfd1 Rhd8 28. Qc5+ Kd7 29. Rxd6+ Bxd6 30. Qb5+ Ke7 31. Ra7 Rd7 32. Rxb7 Rxb7 33. Qc6 Rb8 34. Qxf3 Rxb6 35. Qe2 Rc6 36. Qd3 Rc5 37. Kg2 Rd5 38. Qg6 Rg5 39. Qc2 Kf7 40. c4 Be7 41. Qe2 Rc5 42. h4 Rf5 43. h5 Rc5 44. f4 Rf5 45. Kh3 Rc5 46. Kg4 Rf5 47. Kh3 Rc5 48. g4 Bf6 49. Qd3 Ke7 50. Qa3 Kd6 51. Qb4 Kc6 52. Qa4+ Kd6 53. Qa6+ Ke7 54. Qa7+ Kd6 55. Qb6+ Rc6 56. Qb4+ Rc5 57. g5 Bd4 58. gxh6 gxh6 59. Kg4 e5 60. Qb6+ Ke7 61. fxe5 1-0

[Event "Novi Sad Winter op"]
[Site "Novi Sad"]
[Date "2014.01.11"]
[Round "2"]
[White "Radulovic, Bojan"]
[Black "Dostan, Janos"]
[Result "1-0"]
[WhiteElo "2235"]
[BlackElo "2210"]
[PlyCount "63"]
[EventDate "2014.01.10"]
[EventType "swiss"]
[EventRounds "9"]
[EventCountry "SRB"]
[SourceTitle "CBM 158 Extra"]
[Source "ChessBase"]
[SourceDate "2014.02.28"]
[SourceVersion "1"]
[SourceVersionDate "2014.02.28"]
[SourceQuality "1"]

1. e4 d6 2. d4 Nf6 3. f3 Nbd7 4. Be3 e5 5. c3 Be7 6. Bc4 c6 7. dxe5 dxe5 8. Nd2 b5 9. Be2 Nc5 10. Nb3 Qxd1+ 11. Rxd1 Nxb3 12. axb3 0-0 13. b4 Rd8 14. Ra1 a6 15. Nh3 Bxh3 16. gxh3 Nd7 17. Kf2 c5 18. bxc5 Nxc5 19. Rhd1 Na4 20. Rxd8+ Rxd8 21. Ra2 Nc5 22. Ke1 g6 23. Bxc5 Bxc5 24. Rxa6 Bg1 25. Bxb5 Bxh2 26. Bc4 Kg7 27. Ra7 Kf6 28. Rxf7+ Kg5 29. Rxh7 Rb8 30. b3 Ra8 31. Ke2 Bf4 32. h4+ 1-0

[Event "Vojvodina-ch 4th"]
[Site "Novi Sad"]
[Date "2013.07.04"]
[Round "9"]
[White "Dostan, Janos"]
[Black "Ostovic, Matija"]
[Result "1/2-1/2"]
[WhiteElo "2188"]
[BlackElo "2316"]
[PlyCount "36"]
[EventDate "2013.06.28"]
[EventType "swiss"]
[EventRounds "9"]
[EventCountry "SRB"]
[SourceTitle "CBM 155 Extra"]
[Source "ChessBase"]
[SourceDate "2013.08.26"]
[SourceVersion "1"]
[SourceVersionDate "2013.08.26"]
[SourceQuality "1"]

1. e4 d6 2. d4 Nf6 3. Bd3 e5 4. c3 Be7 5. Ne2 0-0 6. 0-0 c6 7. Nd2 Re8 8. Nf3 Qc7 9. Ng3 Bf8 10. Qc2 Nbd7 11. Bg5 h6 12. Bd2 b6 13. Rae1 c5 14. dxe5 Nxe5 15. Nxe5 dxe5 16. c4 Rd8 17. Bc3 Be6 18. Nf5 Ng4 1/2-1/2

[Event "Vojvodina-ch 4th"]
[Site "Novi Sad"]
[Date "2013.07.02"]
[Round "7"]
[White "Kokeza, Mirko"]
[Black "Dostan, Janos"]
[Result "1/2-1/2"]
[WhiteElo "2315"]
[BlackElo "2188"]
[PlyCount "106"]
[EventDate "2013.06.28"]
[EventType "swiss"]
[EventRounds "9"]
[EventCountry "SRB"]
[SourceTitle "CBM 155 Extra"]
[Source "ChessBase"]
[SourceDate "2013.08.26"]
[SourceVersion "1"]
[SourceVersionDate "2013.08.26"]
[SourceQuality "1"]

1. d4 d6 2. c4 Nf6 3. Nc3 g6 4. e4 Bg7 5. f4 0-0 6. Nf3 c5 7. d5 b5 8. cxb5 a6 9. a4 Qa5 10. Bd2 axb5 11. Bxb5 Ba6 12. 0-0 Ne8 13. Ra3 Nc7 14. Qe2 Qb6 15. e5 Bxb5 16. axb5 Nd7 17. Rfa1 Rab8 18. Ra7 Rb7 19. Rxb7 Qxb7 20. exd6 exd6 21. Qe7 Nxb5 22. Nxb5 Qxb5 23. Bc3 Nb6 24. Qxd6 Nc4 25. Qc7 Bxc3 26. bxc3 Ne3 27. Re1 Nxd5 28. Qe5 Qd3 29. h4 Qf5 30. Qxf5 gxf5 31. c4 Nxf4 32. Re5 Ne6 33. Rxf5 f6 34. Nd2 Ra8 35. Ne4 Ra4 36. Nxf6+ Kg7 37. g4 Rxc4 38. Nh5+ Kg8 39. Kf2 Rc3 40. Rf6 Nf8 41. Rh6 c4 42. Nf4 Nd7 43. g5 Ne5 44. Nd5 Ng4+ 45. Ke2 Nxh6 46. Nxc3 Nf5 47. h5 Ng3+ 48. Ke3 Nxh5 49. Kd4 Kf7 50. Kxc4 Ke6 51. Kd3 Kf5 52. Ne4 Nf4+ 53. Ke3 Ne6 1/2-1/2

[Event "Vojvodina-ch 4th"]
[Site "Novi Sad"]
[Date "2013.06.30"]
[Round "4"]
[White "Dostan, Janos"]
[Black "Doric, Nenad"]
[Result "0-1"]
[WhiteElo "2188"]
[BlackElo "2283"]
[PlyCount "62"]
[EventDate "2013.06.28"]
[EventType "swiss"]
[EventRounds "9"]
[EventCountry "SRB"]
[SourceTitle "CBM 155 Extra"]
[Source "ChessBase"]
[SourceDate "2013.08.26"]
[SourceVersion "1"]
[SourceVersionDate "2013.08.26"]
[SourceQuality "1"]

1. e4 c5 2. Nf3 d6 3. d4 cxd4 4. Qxd4 Nf6 5. e5 Nc6 6. Bb5 Qa5+ 7. Nc3 Qxb5 8. Nxb5 Nxd4 9. Nfxd4 dxe5 10. Nc7+ Kd7 11. Nxa8 exd4 12. Bf4 e5 13. Bxe5 Bd6 14. Bxd4 Re8+ 15. Kd2 Ne4+ 16. Kd3 Nc5+ 17. Bxc5 Bxc5 18. Rhe1 Rd8 19. Rad1 Kc6+ 20. Kc3 Bd6 21. b4 b6 22. Re4 Be6 23. Nxb6 axb6 24. Rd3 b5 25. Rxe6 fxe6 26. Kb3 Rf8 27. f3 Bxh2 28. c4 bxc4+ 29. Kxc4 Bd6 30. a3 Rf4+ 31. Kb3 e5 0-1

[Event "HUN-chT2 Erkel 1112"]
[Site "Hungary"]
[Date "2012.03.12"]
[Round "7.2"]
[White "Trajber, Daniel"]
[Black "Dostan, Janos"]
[Result "0-1"]
[WhiteElo "2098"]
[BlackElo "2222"]
[PlyCount "100"]
[EventDate "2011.09.25"]
[EventType "team-tourn"]
[EventRounds "11"]
[EventCountry "HUN"]
[SourceTitle "EXT 2013"]
[Source "ChessBase"]
[SourceDate "2012.11.22"]
[SourceVersion "1"]
[SourceVersionDate "2012.11.22"]
[SourceQuality "1"]
[WhiteTeam "Vaci"]
[BlackTeam "Ujszasz"]
[WhiteTeamCountry "HUN"]
[BlackTeamCountry "HUN"]

1. d4 Nf6 2. c4 g6 3. Nc3 Bg7 4. e4 d6 5. Nge2 0-0 6. Ng3 Nc6 7. d5 Ne5 8. Be2 c6 9. h4 Qb6 10. Na4 Qc7 11. h5 Bd7 12. Nc3 cxd5 13. cxd5 a6 14. Bg5 Rac8 15. 0-0 Nc4 16. Qb3 b5 17. Rac1 h6 18. Bf4 g5 19. Be3 Nxe3 20. fxe3 Qb6 21. Nb1 Rxc1 22. Rxc1 Rc8 23. Rxc8+ Bxc8 24. a4 Qc5 25. axb5 Qc1+ 26. Kf2 axb5 27. Nc3 Ng4+ 28. Bxg4 Bxg4 29. Nge2 Qd2 30. Qxb5 Bxh5 31. Na4 Qc2 32. Nac3 Bxc3 33. bxc3 Bxe2 34. Qxe2 Qxe4 35. c4 Kh7 36. Ke1 Kg6 37. Kd2 h5 38. Kc3 g4 39. Qf2 f5 40. Kb4 h4 41. Qxh4 Qxe3 42. Qh8 f4 43. Qg8+ Kf5 44. Qh7+ Kg5 45. g3 fxg3 46. Qg7+ Kf5 47. Qf7+ Ke4 48. Qxe7+ Kd3 49. Qxd6 g2 50. Qg6+ Qe4 0-1

[Event "Berekfurdo op-A 4th"]
[Site "Berekfurdo"]
[Date "2010.09.05"]
[Round "7"]
[White "Boguszlavszkij, Jevgenyij"]
[Black "Dostan, Janos"]
[Result "1-0"]
[WhiteElo "2258"]
[BlackElo "2205"]
[PlyCount "117"]
[EventDate "2010.09.02"]
[EventType "swiss"]
[EventRounds "7"]
[EventCountry "HUN"]
[SourceTitle "CBM 138 Extra"]
[Source "ChessBase"]
[SourceDate "2010.10.29"]
[SourceVersion "1"]
[SourceVersionDate "2010.10.29"]
[SourceQuality "1"]

1. g3 g6 2. Bg2 Bg7 3. e4 c5 4. f4 e6 5. Nf3 Nc6 6. 0-0 Nge7 7. c3 d5 8. d3 0-0 9. Na3 b6 10. Qc2 Ba6 11. Rd1 Rc8 12. Be3 Qd7 13. Bf2 Rfd8 14. e5 Rf8 15. Re1 Rce8 16. d4 c4 17. Qd2 Rb8 18. Nc2 b5 19. a3 Na5 20. Rad1 Nb3 21. Qe2 Bc8 22. g4 f6 23. exf6 Bxf6 24. Bg3 Rb6 25. Bh3 a5 26. Qg2 h6 27. Re2 g5 28. fxg5 hxg5 29. Be5 Ng6 30. Qg3 Qg7 31. Bxf6 Qxf6 32. Rf1 Nf4 33. Ref2 Nd3 34. Re2 Nf4 35. Re3 Rb7 36. Rf2 Nc1 37. Bf1 Ncd3 38. Rd2 Rh7 39. Nce1 b4 40. axb4 axb4 41. Nxd3 bxc3 42. bxc3 cxd3 43. Re5 Ne2+ 44. Rdxe2 dxe2 45. Bxe2 Rg7 46. Kg2 Bd7 47. Bd3 Rc8 48. Re2 Rxc3 49. Ne5 Rc8 50. Ra2 Rf8 51. Ra6 Be8 52. Bf5 exf5 53. Rxf6 Rxf6 54. Qf3 Bf7 55. gxf5 Be6 56. Ng4 Rxf5 57. Nh6+ Kf8 58. Nxf5 Rf7 59. Qa3+ 1-0